000 00542cam a2200181 4500500
005 20260405001646.0
041 _afre
042 _adc
100 1 0 _aPortevin, Catherine
_eauthor
245 0 0 _aPop yoga
260 _c2013.
500 _a84
690 _aPacĂ´me Thiellement
690 _aPhilippe Nassif
690 _aPop philosophie
786 0 _nPhilosophie magazine | 75 | 12 | 2013-12-01 | p. 66-66 | 1951-1787
856 4 1 _uhttps://shs.cairn.info/magazine-philosophie-magazine-2013-12-page-66?lang=fr&redirect-ssocas=7080
999 _c2049780
_d2049780